<?xml version="1.0" encoding="UTF-8"?>
<collection xmlns="http://www.loc.gov/MARC21/slim">
 <record>
  <leader>02306pamaa2200193   4500</leader>
  <controlfield tag="001">0000043764</controlfield>
  <controlfield tag="005">20130626090000.0</controlfield>
  <controlfield tag="008">080528                             eng  </controlfield>
  <datafield tag="020" ind1="0" ind2="0">
   <subfield code="a">141294077x (pbk.) </subfield>
  </datafield>
  <datafield tag="090" ind1="0" ind2="0">
   <subfield code="a">HA32 </subfield>
   <subfield code="b">WAG 2007</subfield>
  </datafield>
  <datafield tag="100" ind1="1" ind2="0">
   <subfield code="a">Wagner </subfield>
   <subfield code="e">III </subfield>
  </datafield>
  <datafield tag="245" ind1="1" ind2="0">
   <subfield code="a">Using SPSS for social statistics and research methods  </subfield>
   <subfield code="c">William E. Wagner, III.</subfield>
  </datafield>
  <datafield tag="260" ind1="0" ind2="0">
   <subfield code="a">Thousand Oaks, Calif.: </subfield>
   <subfield code="b">Pine Forge Press, </subfield>
   <subfield code="c">2007.</subfield>
  </datafield>
  <datafield tag="300" ind1=" " ind2=" ">
   <subfield code="a">ix,101 p.: </subfield>
   <subfield code="b">ill; </subfield>
   <subfield code="c">23 cm.</subfield>
  </datafield>
  <datafield tag="501" ind1="0" ind2="0">
   <subfield code="a">Library</subfield>
  </datafield>
  <datafield tag="505" ind1="0" ind2="0">
   <subfield code="a">Overview -- Opening existing data files Importing data from non-SPSS file formats -- Opening previously created output files -- Saving files -- Creating new SPSS data files -- Creating and editing SPSS output files -- Preferences: getting started -- Measurement of variables using SPSS -- Transforming variables -- Recoding and computing variables --Recoding variables -- Computing variables -- Using the count function -- Computing an index using mean -- Multiple response -- Organization and presentation of information -- Measures of central tendency and variability -- Frequency distributions -- Charts and graphs -- Boxplot -- Scatterplot -- Histogram -- Bar graph -- Pie chart -- Alternate methods of creating charts and graphs -- Cross-tabulation and measures of association for nominal and ordinal variables -- Bivariate analysis -- Adding another variable or dimension to the analysis -- Measures of association for nominal and ordinal variables -- Lambda -- Gamma and Somers' d -- Correlate and regression analysis --Bivariate regression -- Correlation -- Multiple regression -- Selecting and sampling cases -- Targeted selection -- Random selection -- Selecting cases for inclusion in a new dataset -- Testing hypotheses using means and cross-tabulation -- Comparing means -- Comparing means: paired-samples t-test -- Comparing means: independent-samples t-test -- Chi-square --Analysis of variance -- One-way Anova -- Anova in regression-- Editing output -- Editing basic tables -- Copying toMicrosoft Word -- Exporting output -- Editing charts andgraphs -- Advanced applications -- Merging data from multiplefiles -- Opening previously created syntax files -- Creating&#13;
new SPSS syntax files</subfield>
  </datafield>
  <datafield tag="650" ind1="0" ind2="0">
   <subfield code="a">Social sciences -- </subfield>
   <subfield code="x">Statistical methods </subfield>
  </datafield>
  <datafield tag="650" ind1="0" ind2="0">
   <subfield code="a">SPSS for Windows </subfield>
  </datafield>
  <datafield tag="901" ind1=" " ind2=" ">
   <subfield code="u">www.pineforge.com</subfield>
  </datafield>
 </record>
</collection>
